Manažér musí vedieť, čo nakupuje i predáva

Moderný marketing predpokladá zvládnutie všetkých marketingových operácií vrátane marketingu nákupu. Charakteristika marketingu. Zúžené chápanie marketingu ako propagácie a reklamy. Marketing v posledných rokoch rozšíril svoju činnosť. Marketingový manažér by mal vedieť, čo predáva. Nevyhnutnosť kom...

ver descrição completa

Na minha lista:
Detalhes bibliográficos
Autor principal: Začková, Katarína
Formato: Capítulo de Livro
Idioma:eslovaco
Assuntos:
Tags: Adicionar Tag
Sem tags, seja o primeiro a adicionar uma tag!

MARC

LEADER 00000naa a2200000 4500
001 r039627
005 20230921110354.8
041 0 |a slo 
044 |a SK 
245 1 0 |a Manažér musí vedieť, čo nakupuje i predáva  |c Katarína Začková 
520 |a Moderný marketing predpokladá zvládnutie všetkých marketingových operácií vrátane marketingu nákupu. Charakteristika marketingu. Zúžené chápanie marketingu ako propagácie a reklamy. Marketing v posledných rokoch rozšíril svoju činnosť. Marketingový manažér by mal vedieť, čo predáva. Nevyhnutnosť komunikácie medzi manažérmi. Nákup vo firme by mal reagovať na výsledky prieskumov marketingového predaja. 
610 2 0 |a marketing 
610 2 0 |a manažment 
610 2 0 |a nákup 
610 2 0 |a predaj 
610 2 0 |a manažéri 
610 2 0 |a propagácia 
610 2 0 |a stratégia marketingová 
610 2 0 |a Slovensko 
100 1 |a Začková, Katarína